Stage and screen : adaptation theory from 1916 to 2000 /

Bibliographic Details
Corporate Author: Bloomsbury (Firm)
Other Authors: Cardullo, Bert
Format: eBook
Language:English
Published: New York ; London : Continuum, 2012.
Subjects:
Online Access:Connect to the full text of this electronic book

MARC

Tag First Indicator Second Indicator Subfields
LEADER 00000cam a22000003a 4500
001 in00004153413
006 m |o d |
007 cr |n|||||||||
008 200625s2012 nyua obq 001 0 eng d
005 20250816192515.6
020 |a 1628928980 (electronic bk.) 
020 |a 9781628928983 (electronic bk.) 
020 |z 1441168699 
020 |z 9781441168696 
024 8 |a 99984702586 
035 |a (NhCcYBP)ybp300872813 
035 |a 6225530 
040 |a NhCcYBP  |c NhCcYBP  |d UtOrBLW 
050 4 |a PN1997.85  |b .S75 2012 
082 0 4 |a 791.43/6  |2 23 
084 |a AP 46900  |2 rvk 
245 0 0 |a Stage and screen :  |b adaptation theory from 1916 to 2000 /  |c edited by Bert Cardullo. 
246 3 0 |a Adaptation theory from 1916 to 2000 
264 1 |a New York ;  |a London :  |b Continuum,  |c 2012. 
300 |a 1 online resource. 
336 |a text  |b txt  |2 rdacontent 
337 |a computer  |b c  |2 rdamedia 
338 |a online resource  |b cr  |2 rdacarrier 
500 |a Electronic resource. 
504 |a Includes filmography (pages 231-250), bibliographical references (pages 253-267) , and index. 
505 0 |a Theater versus film : an historical introduction -- Thirty differences between the photoplays and the stage (1916) / Vachel Lindsay -- The means of the photoplay (1916) / Hugo Münsterberg -- The drama, the theatre, and the films (1925) / Bernard Shaw -- Style and medium in the motion pictures (1934) / Erwin Panofsky -- A new Laocoön : artistic composites and the talking film (1938) / Rudolf Arnheim -- Film reality : the cinema and the theatre (1936) / Allardyce Nicoll -- Theater and the cinema (1951) / André Bazin -- Stanislavsky's system in the cinema (1953) / Vsevolod Pudovkin -- Acting in film and theatre (1955) / Josef von Sternberg -- The theatrical story (1960) / Siegfried Kracauer -- Movies versus theatre : the case for the theatre (1962) / Tyrone Guthrie -- Movies versus theatre : the case for the movies (1962) / Carl Foreman -- Finding Shakespeare on film (1964) / Peter Brook -- Film and theatre (1966) / Susan Sontag -- Filmmaker, actor, and audience; dramatist, screenwriter, and director (1979) / Roger Manvell -- Theater and film, or Adolphe Appia and me (1988) / Hans-Jürgen Syberberg -- Playing to the camera or the house : stage vs. screen acting (1998) / Bert Cardullo -- Drama into film (2000) / Thomas Erskine and James Welsh. 
588 |a Description based on print version record. 
650 0 |a Film adaptations.  |0 http://id.loc.gov/authorities/subjects/sh85048224 
650 0 |a Stage adaptations.  |0 http://id.loc.gov/authorities/subjects/sh85127240 
655 7 |a Electronic books.  |2 local 
700 1 |a Cardullo, Bert.  |0 http://id.loc.gov/authorities/names/n85314002 
710 2 |a Bloomsbury (Firm)  |0 http://id.loc.gov/authorities/names/n88072136 
776 1 8 |c Original  |z 9781441168696  |z 1441168699  |w (DLC) 2012374654 
856 4 0 |u http://proxy.library.tamu.edu/login?url=https://dx.doi.org/10.5040/9781628928983?locatt=label:secondary_bloomsburyCollections  |z Connect to the full text of this electronic book  |t 0 
955 |a YBP purchased firm e-records 
980 |b 266.00  |g 1 
999 f f |s 62327bab-3b9c-3c2b-b2e9-0d8c08f8cc14  |i a58f3e88-7d98-3d32-87e4-57ee1eb18d58  |t 0 
952 f f |a Texas A&M University  |b College Station  |c Electronic Resources  |d Available Online  |t 0  |e PN1997.85 .S75 2012  |h Library of Congress classification 
998 f f |a PN1997.85 .S75 2012  |t 0  |l Available Online